[Event "Memorial Gashimov 2022 - Blitz"]
[Site "Baku"]
[Date "22.12.2022"]
[Round "B4"]
[White "Mamedyarov, Shakhriyar"]
[Black "Rapport, Richard"]
[Result "1-0"]
[WhiteElo "2740"]
[BlackElo "2740"]
[PlyCount "93"]
[EventDate "2022.??.??"]

1. d4 Nf6 2. c4 e6 3. Nf3 c5 4. d5 d6 5. Nc3 exd5 6. cxd5 g6 7. e4 Bg7 8. h3
O-O 9. Bd3 Re8 10. O-O Nbd7 11. Bf4 c4 12. Bc2 Nc5 13. Re1 b5 14. a3 Qb6 15. e5
dxe5 16. Bxe5 Bf5 17. Bxf5 gxf5 18. Bd4 Rxe1+ 19. Nxe1 Nfe4 20. Bxg7 Kxg7 21.
Qd4+ Qf6 22. Nxb5 Rb8 23. Qxc4 a6 24. Nd4 Rxb2 25. f3 Rd2 26. fxe4 Qxd4+ 27.
Qxd4+ Rxd4 28. Nf3 Rd3 29. exf5 Rxd5 30. g4 Rd3 31. Kg2 Rc3 32. a4 a5 33. g5
Nd3 34. h4 Nf4+ 35. Kg3 Ne2+ 36. Kf2 Nf4 37. Rd1 Rc2+ 38. Ke3 Ng2+ 39. Ke4 Re2+
40. Kd4 Ra2 41. f6+ Kg6 42. Ne5+ Kf5 43. Nxf7 Rxa4+ 44. Kc5 Nxh4 45. Rf1+ Ke6
46. Nh8 Nf5 47. Rxf5 1-0

[Event "Memorial Gashimov 2022 - Blitz"]
[Site "Baku"]
[Date "22.12.2022"]
[Round "B4"]
[White "Wang, Hao"]
[Black "Shankland, Sam"]
[Result "0-1"]
[WhiteElo "2722"]
[BlackElo "2710"]
[PlyCount "46"]
[EventDate "2022.??.??"]

1. e4 e6 2. d4 d5 3. Nd2 c5 4. exd5 Qxd5 5. dxc5 Nf6 6. Ngf3 Qxc5 7. Bd3 Nbd7
8. O-O Qc7 9. Qe2 Be7 10. c3 O-O 11. Ne4 b6 12. Nxf6+ Nxf6 13. Be3 Bb7 14. Bd4
Rfd8 15. Rfe1 Rd5 16. Ne5 Bd6 17. h3 Rd8 18. f4 Bc5 19. Bxc5 Qxc5+ 20. Kh2 Qc7
21. Rad1 g6 22. Qf2 Nh5 23. g3 f6 0-1

[Event "Memorial Gashimov 2022 - Blitz"]
[Site "Baku"]
[Date "22.12.2022"]
[Round "B4"]
[White "Mamedov, Rauf"]
[Black "Vallejo Pons, Francisco"]
[Result "0-1"]
[WhiteElo "2646"]
[BlackElo "2716"]
[PlyCount "70"]
[EventDate "2022.??.??"]

1. e4 e6 2. d4 d5 3. e5 c5 4. c3 Nc6 5. Nf3 f6 6. Bd3 fxe5 7. Nxe5 Nxe5 8. dxe5
Qc7 9. Qe2 Ne7 10. Nd2 Nc6 11. Nf3 Be7 12. Bf4 Bd7 13. Bg3 O-O-O 14. h4 g6 15.
O-O Rhg8 16. c4 Nb4 17. cxd5 Nxd5 18. Rac1 Kb8 19. Nd2 g5 20. hxg5 Bxg5 21. Ne4
Bxc1 22. Rxc1 b6 23. a3 Bc6 24. b4 Qg7 25. Qe1 Nxb4 26. axb4 Rxd3 27. bxc5 b5
28. Nf6 Rxg3 29. fxg3 Qxg3 30. Qd2 Qxg2+ 31. Qxg2 Rxg2+ 32. Kf1 b4 33. Rd1 b3
34. Rb1 b2 35. Nh5 Rc2 0-1

[Event "Memorial Gashimov 2022 - Blitz"]
[Site "Baku"]
[Date "22.12.2022"]
[Round "B4"]
[White "Gadimbayli, Abdulla"]
[Black "Abdusattorov, Nodirbek"]
[Result "0-1"]
[WhiteElo "2524"]
[BlackElo "2713"]
[PlyCount "122"]
[EventDate "2022.??.??"]

1. e4 e5 2. Nf3 Nc6 3. Nc3 d6 4. d4 exd4 5. Nxd4 Nf6 6. Nxc6 bxc6 7. Bd3 Be7 8.
O-O O-O 9. h3 Nd7 10. Be3 a5 11. Rb1 Re8 12. f4 Bf6 13. Qf3 Ba6 14. Rfd1 Qe7
15. Bf2 Bxc3 16. bxc3 c5 17. Bxa6 Rxa6 18. Rb7 Nf8 19. Re1 Ng6 20. h4 Nxh4 21.
Qd3 Raa8 22. e5 Ng6 23. Qe4 dxe5 24. fxe5 Nf8 25. Qc6 Ne6 26. Rbb1 h6 27. Red1
Red8 28. Rd3 Nf4 29. Re3 Rab8 30. Rf1 Qg5 31. Ree1 Nh3+ 32. Kh2 Nxf2 33. Rxf2
Rd2 34. Qf3 Qh4+ 35. Kg1 Rxf2 36. Qxf2 Qxf2+ 37. Kxf2 Rb2 38. Rc1 Rxa2 39. Ke3
Kf8 40. Ke4 c6 41. Kd3 Ra4 42. Rb1 Ke7 43. Rb6 Rg4 44. Rxc6 c4+ 45. Ke3 h5 46.
Kf3 g5 47. Rc5 Rf4+ 48. Ke3 h4 49. Rxa5 Ke6 50. Rb5 Rg4 51. Kf2 Rg3 52. Rb6+
Kxe5 53. Rb5+ Kf4 54. Rb6 f5 55. Rd6 Rxc3 56. Rd4+ Ke5 57. Rd2 g4 58. Re2+ Kf4
59. Rd2 g3+ 60. Ke2 Re3+ 61. Kf1 Kg4 0-1

[Event "Memorial Gashimov 2022 - Blitz"]
[Site "Baku"]
[Date "22.12.2022"]
[Round "B5"]
[White "Rapport, Richard"]
[Black "Gadimbayli, Abdulla"]
[Result "1-0"]
[WhiteElo "2740"]
[BlackElo "2524"]
[PlyCount "47"]
[EventDate "2022.??.??"]

1. e4 e6 2. d4 d5 3. exd5 exd5 4. Nf3 Bd6 5. c4 dxc4 6. Bxc4 Nf6 7. Qe2+ Qe7 8.
Qxe7+ Bxe7 9. Nc3 c6 10. O-O O-O 11. Re1 Bd6 12. Bg5 Nbd7 13. Bb3 h6 14. Bh4
Re8 15. Rxe8+ Nxe8 16. Re1 Kf8 17. a3 f6 18. Ne4 Be7 19. Bg3 g5 20. Nc3 Nb6 21.
d5 Bd7 22. Nd4 Bc5 23. dxc6 Bxd4 24. cxb7 1-0

[Event "Memorial Gashimov 2022 - Blitz"]
[Site "Baku"]
[Date "22.12.2022"]
[Round "B5"]
[White "Vallejo Pons, Francisco"]
[Black "Suleymanli, Aydin"]
[Result "0-1"]
[WhiteElo "2716"]
[BlackElo "2543"]
[PlyCount "73"]
[EventDate "2022.??.??"]

1. e4 e5 2. Nf3 Nc6 3. Nc3 Nf6 4. g3 Bc5 5. Bg2 d6 6. d3 a5 7. O-O a4 8. h3 O-O
9. Kh2 h6 10. Ng1 a3 11. b3 Bd4 12. Nge2 Bb6 13. f4 exf4 14. Bxf4 Be6 15. d4 d5
16. e5 Nh7 17. Na4 Ba7 18. c3 f6 19. exf6 Nxf6 20. b4 Ne4 21. Nc5 Bxc5 22. dxc5
Qd7 23. Bxe4 dxe4 24. Qxd7 Bxd7 25. Bxc7 Na7 26. Nd4 Nb5 27. Nxb5 Bxb5 28.
Rxf8+ Rxf8 29. Bf4 g5 30. Be3 Rf3 31. Re1 Bc4 32. Bd4 Bxa2 33. Ra1 Bc4 34. Rxa3
e3 35. Ra8+ Kf7 36. Ra1 e2 37. Ra7 0-1

[Event "Memorial Gashimov 2022 - Blitz"]
[Site "Baku"]
[Date "22.12.2022"]
[Round "B5"]
[White "Abdusattorov, Nodirbek"]
[Black "Wang, Hao"]
[Result "1-0"]
[WhiteElo "2713"]
[BlackElo "2722"]
[PlyCount "111"]
[EventDate "2022.??.??"]

1. e4 c5 2. Nf3 Nc6 3. c3 Nf6 4. e5 Nd5 5. Bc4 Nb6 6. Bb3 d5 7. exd6 Qxd6 8.
O-O Bf5 9. d4 cxd4 10. cxd4 e6 11. Nc3 Be7 12. Qe2 O-O 13. Rd1 Na5 14. Bc2 Bxc2
15. Qxc2 Rac8 16. Qd3 Qd8 17. Ne5 Nc6 18. Qg3 Bf6 19. Ng4 Bh4 20. Qf4 Be7 21.
Be3 Nd5 22. Qf3 Nxc3 23. bxc3 f5 24. Ne5 Nxe5 25. dxe5 Qc7 26. Rd3 Rfd8 27.
Rad1 Rxd3 28. Rxd3 b6 29. Bd4 Rd8 30. h3 Qc4 31. Rd2 Qd5 32. Qe2 g6 33. Qa6 Qd7
34. Be3 Qc7 35. Rxd8+ Bxd8 36. Bd4 Kf7 37. Kf1 Qd7 38. Ke2 Be7 39. a4 Qd5 40.
Qxa7 Qxg2 41. Bxb6 Qe4+ 42. Kd2 Qxe5 43. a5 Qd5+ 44. Kc1 e5 45. a6 Qc4 46. Ba5
Qf1+ 47. Kd2 Kf8 48. Qb8+ Kf7 49. Qa7 Kf8 50. Bb4 Bxb4 51. cxb4 e4 52. Qc5+ Kf7
53. Qd5+ Kf6 54. Qd4+ Kg5 55. a7 Qa6 56. Qd8+ 1-0

[Event "Memorial Gashimov 2022 - Blitz"]
[Site "Baku"]
[Date "22.12.2022"]
[Round "B5"]
[White "Shankland, Sam"]
[Black "Mamedov, Rauf"]
[Result "1-0"]
[WhiteElo "2710"]
[BlackElo "2646"]
[PlyCount "73"]
[EventDate "2022.??.??"]

1. c4 Nf6 2. g3 g6 3. Bg2 Bg7 4. Nc3 e5 5. Nf3 d6 6. b4 O-O 7. O-O Re8 8. Rb1
e4 9. Ng5 Bf5 10. d3 exd3 11. e4 Bd7 12. Qxd3 Nc6 13. f4 h6 14. Nf3 Nxe4 15.
Nxe4 Rxe4 16. b5 Nd4 17. Qxe4 Bf5 18. Qxb7 Rb8 19. Qxa7 Ra8 20. Qb7 Rb8 21. Qd5
c6 22. Nxd4 cxd5 23. Nxf5 gxf5 24. Bxd5 Bd4+ 25. Kh1 Qe7 26. Bb2 Bc5 27. Rfe1
Qa7 28. a3 Kf8 29. Re2 Re8 30. Bg7+ Kxg7 31. Rxe8 Qxa3 32. Rbe1 Bf2 33. R1e7
Qc1+ 34. Kg2 Qg1+ 35. Kf3 Bd4 36. Rxf7+ Kg6 37. Rg8+ 1-0

[Event "Memorial Gashimov 2022 - Blitz"]
[Site "Baku"]
[Date "22.12.2022"]
[Round "B6"]
[White "Mamedyarov, Shakhriyar"]
[Black "Vallejo Pons, Francisco"]
[Result "1-0"]
[WhiteElo "2740"]
[BlackElo "2716"]
[PlyCount "85"]
[EventDate "2022.??.??"]

1. d4 d5 2. c4 e6 3. Nc3 a6 4. cxd5 exd5 5. Nf3 c6 6. Bf4 Bd6 7. Bg3 Ne7 8. e3
O-O 9. Bd3 Bf5 10. Bxf5 Nxf5 11. Qd3 Qd7 12. O-O-O a5 13. e4 dxe4 14. Nxe4 Na6
15. a3 Rad8 16. Kb1 Rfe8 17. Rhe1 h6 18. Qc2 Nxg3 19. hxg3 Nc7 20. Ne5 Bxe5 21.
dxe5 Nd5 22. f4 Qg4 23. Rd3 Re7 24. Qc5 Red7 25. Qxa5 Qg6 26. Ka1 Kh7 27. Qd2
b5 28. Nd6 b4 29. f5 Qh5 30. a4 Rxd6 31. exd6 Qxf5 32. Rd4 Qf6 33. Qd3+ Kh8 34.
Rde4 g6 35. Re8+ Kh7 36. Rxd8 Qxd8 37. Qd4 Qd7 38. Qc5 b3 39. Qd4 Qxd6 40. Qc4
Qxg3 41. Qe4 Qf2 42. Rc1 Nb4 43. Qxb4 1-0

[Event "Memorial Gashimov 2022 - Blitz"]
[Site "Baku"]
[Date "22.12.2022"]
[Round "B6"]
[White "Wang, Hao"]
[Black "Rapport, Richard"]
[Result "1-0"]
[WhiteElo "2722"]
[BlackElo "2740"]
[PlyCount "79"]
[EventDate "2022.??.??"]

1. e4 c5 2. Nf3 d6 3. d4 cxd4 4. Nxd4 Nf6 5. Nc3 g6 6. Be3 Nc6 7. f3 h5 8. Bc4
Bd7 9. Bb3 Bg7 10. Qd2 Na5 11. O-O Rc8 12. Rfe1 O-O 13. Rad1 Nc4 14. Bxc4 Rxc4
15. Nb3 a5 16. Qf2 a4 17. Nd2 Rc6 18. a3 Qa5 19. Ndb1 Rfc8 20. Re2 Be6 21. Bd4
Rc4 22. Red2 b5 23. Ne2 Rxc2 24. Bc3 Rxd2 25. Nxd2 Qa6 26. Nf4 Bd7 27. Nf1 e5
28. Nd3 Be6 29. Nb4 Qb7 30. Ne3 Bf8 31. Ned5 Nxd5 32. Nxd5 Bxd5 33. Rxd5 Rc5
34. Rxc5 dxc5 35. Bxe5 Qd7 36. h3 Qd1+ 37. Kh2 b4 38. axb4 cxb4 39. Qb6 a3 40.
Qf6 1-0

[Event "Memorial Gashimov 2022 - Blitz"]
[Site "Baku"]
[Date "22.12.2022"]
[Round "B6"]
[White "Shankland, Sam"]
[Black "Abdusattorov, Nodirbek"]
[Result "1-0"]
[WhiteElo "2710"]
[BlackElo "2713"]
[PlyCount "93"]
[EventDate "2022.??.??"]

1. d4 d5 2. c4 e6 3. Nf3 Nf6 4. Nc3 Bb4 5. Qa4+ Nc6 6. Bd2 O-O 7. a3 Bxc3 8.
Bxc3 Ne4 9. Qc2 b6 10. e3 Bb7 11. cxd5 exd5 12. Bd3 Re8 13. O-O a5 14. b4 Qd6
15. b5 Ne7 16. a4 Nf5 17. Bb2 Rac8 18. Ba3 Qh6 19. Ne5 Nh4 20. Rae1 f6 21. Ng4
Qg5 22. f3 h5 23. fxe4 hxg4 24. exd5 Bxd5 25. e4 Bf7 26. Bc1 Qh5 27. d5 Ng6 28.
Rf5 Qxf5 29. exf5 Rxe1+ 30. Kf2 Rxc1 31. Qxc1 Ne5 32. Be4 Kf8 33. d6 Bc4 34.
Qd2 Rd8 35. dxc7 Rxd2+ 36. Ke3 Re2+ 37. Kd4 Ke7 38. c8=Q Rd2+ 39. Ke3 Rd6 40.
Qc7+ Nd7 41. Bc6 Bb3 42. Bxd7 Rxd7 43. Qxb6 Bxa4 44. Qxa5 Bc2 45. b6 Ke8 46. b7
Re7+ 47. Kd2 1-0

[Event "Memorial Gashimov 2022 - Blitz"]
[Site "Baku"]
[Date "22.12.2022"]
[Round "B6"]
[White "Mamedov, Rauf"]
[Black "Suleymanli, Aydin"]
[Result "1/2-1/2"]
[WhiteElo "2646"]
[BlackElo "2543"]
[PlyCount "116"]
[EventDate "2022.??.??"]

1. e4 e5 2. Nf3 Nc6 3. Bc4 Nf6 4. d3 Bc5 5. c3 d6 6. Nbd2 O-O 7. h3 a5 8. O-O
h6 9. Re1 Be6 10. Bb5 Qb8 11. Nf1 a4 12. Be3 Bxe3 13. Nxe3 Qa7 14. Qc2 Ne7 15.
d4 c6 16. dxe5 dxe5 17. Bc4 Ng6 18. Bxe6 fxe6 19. Rad1 Qc5 20. b4 axb3 21. Qxb3
Kh7 22. Qxe6 Qxc3 23. Rb1 Rae8 24. Qc4 Qxc4 25. Nxc4 Re7 26. a4 Ra8 27. a5 Ra7
28. Nfd2 Nd7 29. Nb3 Nf4 30. Rbd1 Ne6 31. Nd6 Ra8 32. Nxb7 c5 33. Nd6 Nd4 34.
Rb1 Nxb3 35. Rxb3 Nf6 36. Ra1 Re6 37. Nf5 Nxe4 38. Rb7 Rf6 39. Nxg7 Kg6 40. g4
Rxf2 41. Nh5 Kg5 42. Re1 Rxa5 43. Rxe4 Rd2 44. Rb1 Raa2 45. Rxe5+ Kh4 46. Nf4
Kg3 47. Rf5 c4 48. Rc1 Kh4 49. Kh1 c3 50. Rc5 Kg3 51. Nh5+ Kh4 52. Nf4 Kg3 53.
Rc4 Rf2 54. Nh5+ Kh4 55. R4xc3 Rh2+ 56. Kg1 Rag2+ 57. Kf1 Rf2+ 58. Ke1 Re2+
1/2-1/2

[Event "Memorial Gashimov 2022 - Blitz"]
[Site "Baku"]
[Date "22.12.2022"]
[Round "B7"]
[White "Rapport, Richard"]
[Black "Shankland, Sam"]
[Result "0-1"]
[WhiteElo "2740"]
[BlackElo "2710"]
[PlyCount "110"]
[EventDate "2022.??.??"]

1. e4 e6 2. d4 d5 3. exd5 exd5 4. Nf3 Nf6 5. Bd3 Bd6 6. Qe2+ Be7 7. O-O O-O 8.
Re1 Nc6 9. c3 Bg4 10. Bg5 Re8 11. Nbd2 h6 12. Bxf6 Bxf6 13. Qf1 Qd6 14. h3 Bxf3
15. Nxf3 a6 16. g3 g6 17. Bc2 Kg7 18. Kg2 h5 19. h4 Qd7 20. Ba4 b5 21. Bb3 Na5
22. Qd3 Nc4 23. Bxc4 dxc4 24. Qd2 Qd5 25. Qf4 c6 26. Re3 Rxe3 27. Qxe3 Ra7 28.
Re1 Re7 29. Qd2 Re4 30. Re3 a5 31. Qc2 Re6 32. Qe2 Rxe3 33. fxe3 Qe4 34. Kf2
Be7 35. a3 Bd6 36. Kg2 f6 37. Qf2 g5 38. hxg5 fxg5 39. Kg1 Kg6 40. Nd2 Qg4 41.
Nf1 h4 42. Qg2 Kh5 43. gxh4 gxh4 44. e4 Bf4 45. e5 Qxg2+ 46. Kxg2 Kg6 47. a4
bxa4 48. Kh3 Bc1 49. Kxh4 Bxb2 50. e6 a3 51. d5 cxd5 52. Ne3 a2 53. Nxd5 a1=Q
54. Nf4+ Kf6 55. Kg4 Qd1+ 0-1

[Event "Memorial Gashimov 2022 - Blitz"]
[Site "Baku"]
[Date "22.12.2022"]
[Round "B7"]
[White "Vallejo Pons, Francisco"]
[Black "Gadimbayli, Abdulla"]
[Result "1-0"]
[WhiteElo "2716"]
[BlackElo "2524"]
[PlyCount "61"]
[EventDate "2022.??.??"]

1. e4 e6 2. d4 d5 3. Nc3 Nf6 4. Bg5 dxe4 5. Nxe4 Be7 6. Bxf6 gxf6 7. Nc3 a6 8.
g3 Nc6 9. Nf3 Qd6 10. Bg2 O-O 11. Qd2 f5 12. O-O-O Bf6 13. Ne2 Bd7 14. Nf4 Ne7
15. Nh5 Bh8 16. Qh6 f6 17. Rhe1 Ng6 18. Nh4 Be8 19. Nxg6 hxg6 20. Nf4 Bg7 21.
Qh3 Bf7 22. d5 e5 23. Ne6 Rfe8 24. g4 fxg4 25. Qxg4 Rad8 26. Be4 Bxe6 27. dxe6
Bh6+ 28. Kb1 Qe7 29. Qxg6+ Qg7 30. Rxd8 Rxd8 31. e7 1-0

[Event "Memorial Gashimov 2022 - Blitz"]
[Site "Baku"]
[Date "22.12.2022"]
[Round "B7"]
[White "Abdusattorov, Nodirbek"]
[Black "Mamedov, Rauf"]
[Result "1-0"]
[WhiteElo "2713"]
[BlackElo "2646"]
[PlyCount "79"]
[EventDate "2022.??.??"]

1. d4 d5 2. c4 c6 3. Nc3 Nf6 4. e3 Bf5 5. Nf3 e6 6. Bd3 Bxd3 7. Qxd3 Bb4 8. Bd2
O-O 9. O-O Ba5 10. Rab1 Nbd7 11. b4 Bc7 12. b5 Ba5 13. Rfc1 Re8 14. bxc6 bxc6
15. cxd5 cxd5 16. Nb5 Rf8 17. Qa3 Bxd2 18. Nxd2 Nb6 19. Qa6 Nfd7 20. a4 Rb8 21.
Nxa7 Ra8 22. a5 Nc4 23. Nxc4 dxc4 24. Qb7 Nf6 25. Nc6 Qd6 26. Rxc4 Ng4 27. g3
Kh8 28. a6 Qd5 29. Rc2 Qh5 30. h4 Qf5 31. Rbc1 g5 32. hxg5 Qxg5 33. Ne5 Nxe5
34. dxe5 Kg7 35. Rc7 h5 36. R1c4 Rab8 37. Rxf7+ Rxf7 38. Qxb8 Qf5 39. Rf4 Qb1+
40. Qxb1 1-0

[Event "Memorial Gashimov 2022 - Blitz"]
[Site "Baku"]
[Date "22.12.2022"]
[Round "B7"]
[White "Suleymanli, Aydin"]
[Black "Mamedyarov, Shakhriyar"]
[Result "0-1"]
[WhiteElo "2543"]
[BlackElo "2740"]
[PlyCount "56"]
[EventDate "2022.??.??"]

1. c4 Nf6 2. Nc3 e5 3. Nf3 Nc6 4. e4 Bc5 5. Nxe5 Nxe5 6. d4 Bb4 7. dxe5 Nxe4 8.
Qf3 Nxc3 9. bxc3 Ba5 10. Bf4 O-O 11. O-O-O Rb8 12. Bd3 Qe7 13. Kb2 b5 14. cxb5
a6 15. Qe4 g6 16. h4 axb5 17. h5 Bb7 18. Qe3 Ra8 19. Bg5 Qe6 20. Bb1 b4 21. c4
Qxc4 22. Rc1 Qe6 23. hxg6 fxg6 24. Rxh7 Kxh7 25. Rh1+ Kg8 26. Rh6 Bb6 27. Qg3
Rxf2+ 28. Kc1 Qc4+ 0-1

[Event "Memorial Gashimov 2022 - Blitz"]
[Site "Baku"]
[Date "22.12.2022"]
[Round "B8"]
[White "Wang, Hao"]
[Black "Vallejo Pons, Francisco"]
[Result "1/2-1/2"]
[WhiteElo "2722"]
[BlackElo "2716"]
[PlyCount "66"]
[EventDate "2022.??.??"]

1. e4 e6 2. d4 d5 3. Nd2 dxe4 4. Nxe4 Nd7 5. Nf3 Ngf6 6. Bd3 Nxe4 7. Bxe4 Nf6
8. Bg5 c5 9. O-O Be7 10. Bxf6 gxf6 11. c3 O-O 12. Qe2 f5 13. Bc2 cxd4 14. Nxd4
Bf6 15. Rad1 Qc7 16. Rd3 Kh8 17. Rfd1 Rg8 18. Rg3 Bd7 19. Qh5 Bc6 20. Nxc6 bxc6
21. Rgd3 Rad8 22. g3 Kg7 23. Kf1 Rxd3 24. Rxd3 Rd8 25. g4 Rxd3 26. Bxd3 Qd6 27.
Qh3 fxg4 28. Qxg4+ Kf8 29. Qh3 h5 30. Qf3 Ke7 31. h3 h4 32. Ke2 a5 33. Qe4 Qe5
1/2-1/2

[Event "Memorial Gashimov 2022 - Blitz"]
[Site "Baku"]
[Date "22.12.2022"]
[Round "B8"]
[White "Abdusattorov, Nodirbek"]
[Black "Rapport, Richard"]
[Result "0-1"]
[WhiteElo "2713"]
[BlackElo "2740"]
[PlyCount "134"]
[EventDate "2022.??.??"]

1. e4 c5 2. Nf3 d6 3. c3 Nf6 4. Be2 Nbd7 5. Qc2 Qc7 6. O-O g6 7. c4 Ne5 8. Nc3
Nxf3+ 9. Bxf3 Bg7 10. d3 O-O 11. a3 Nd7 12. b4 Ne5 13. Bd1 Nc6 14. Bb2 Nd4 15.
Qd2 Bd7 16. Kh1 b5 17. cxb5 cxb4 18. Nd5 Qd8 19. Qxb4 a5 20. bxa6 Rb8 21. Qc3
Ne6 22. d4 Bxd4 23. Qxd4 Nxd4 24. Bxd4 Bb5 25. a7 Ra8 26. Re1 Bc6 27. Bb3 Qd7
28. Rec1 Bxd5 29. Bxd5 Rxa7 30. Bc6 Qc7 31. Bxa7 Qxa7 32. a4 Rc8 33. Rc2 Qd4
34. Rac1 Qb4 35. f3 Kg7 36. h3 h5 37. Rc4 Qa5 38. Kg1 h4 39. Kf1 g5 40. Ke2 Qe5
41. R1c2 Rb8 42. Bb5 d5 43. Rc5 e6 44. Kf1 Qd4 45. exd5 exd5 46. R5c3 Qd1+ 47.
Kf2 d4 48. Rc5 d3 49. Rxg5+ Kf6 50. Rcc5 Qe2+ 51. Kg1 Qe3+ 52. Kf1 Qe2+ 53. Kg1
Rxb5 54. Rxb5 d2 55. Rgd5 d1=R+ 56. Rxd1 Qxd1+ 57. Kh2 Qxa4 58. Rd5 Ke6 59. Rh5
f5 60. Rh7 Kf6 61. Rb7 Kg5 62. Rb1 Kf4 63. Rc1 Ke3 64. Rb1 Qc4 65. Ra1 Kf2 66.
Rb1 Qc7+ 67. Kh1 Kg3 0-1

[Event "Memorial Gashimov 2022 - Blitz"]
[Site "Baku"]
[Date "22.12.2022"]
[Round "B8"]
[White "Gadimbayli, Abdulla"]
[Black "Suleymanli, Aydin"]
[Result "1-0"]
[WhiteElo "2524"]
[BlackElo "2543"]
[PlyCount "69"]
[EventDate "2022.??.??"]

1. e4 e6 2. d4 d5 3. Nd2 c5 4. exd5 Qxd5 5. dxc5 Bxc5 6. Ngf3 Nf6 7. Bc4 Qh5 8.
Qe2 Bd7 9. Nf1 Bb6 10. Ng3 Qc5 11. Be3 Qa5+ 12. Bd2 Qc5 13. Bc3 Ba5 14. Bxa5
Qxa5+ 15. c3 Nc6 16. O-O O-O 17. Rad1 Rad8 18. a3 h6 19. h3 Bc8 20. Ba2 b6 21.
Ne4 Nd5 22. c4 Nf4 23. Qe3 Ng6 24. Bb1 Nce7 25. b4 Qa4 26. Nd6 Qc6 27. c5 bxc5
28. bxc5 Ba6 29. Rfe1 Nd5 30. Qc1 Nge7 31. Qc2 Nf6 32. Ne5 Qc7 33. Ng4 g6 34.
Nxf6+ Kg7 35. Qc3 1-0

[Event "Memorial Gashimov 2022 - Blitz"]
[Site "Baku"]
[Date "22.12.2022"]
[Round "B9"]
[White "Mamedyarov, Shakhriyar"]
[Black "Gadimbayli, Abdulla"]
[Result "1/2-1/2"]
[WhiteElo "2740"]
[BlackElo "2524"]
[PlyCount "207"]
[EventDate "2022.??.??"]

1. d4 d5 2. c4 e5 3. dxe5 d4 4. g3 Nc6 5. Nf3 Nge7 6. Bg5 Be6 7. Nbd2 Qd7 8.
Bg2 Ng6 9. Nb3 h6 10. Bd2 Bxc4 11. Rc1 Bd5 12. O-O Be7 13. Nc5 Bxc5 14. Rxc5
O-O 15. Qa4 Rad8 16. Rfc1 Rfe8 17. Qb5 Bxf3 18. exf3 Ncxe5 19. Qxb7 Nd3 20.
Rxc7 Qf5 21. Rf1 Re2 22. Bc1 Rde8 23. h4 Re1 24. Bd2 R1e2 25. Bc1 Re1 26. Qc6
Rxf1+ 27. Bxf1 Re1 28. Bd2 Ra1 29. Qe4 Qxe4 30. fxe4 Nge5 31. Kg2 Nxb2 32. Rxa7
Nbc4 33. Bf4 d3 34. Ra8+ Kh7 35. Rd8 Rxa2 36. Bxd3 Nxd3 37. Rxd3 Rc2 38. Rd4
Kg6 39. Rd5 f6 40. h5+ Kf7 41. Rd7+ Kg8 42. Rc7 Na3 43. Ra7 Nb5 44. Rb7 Nd4 45.
e5 Ne6 46. Be3 fxe5 47. Rb5 e4 48. Re5 Nf8 49. Rxe4 Nd7 50. Re8+ Kf7 51. Ra8
Nf6 52. Ra5 Rc4 53. Kf3 Ng4 54. Bf4 Nf6 55. Ra7+ Kg8 56. Ra5 Kf7 57. Bd2 Rd4
58. Be3 Rc4 59. Bf4 Rc3+ 60. Kg2 Rd3 61. f3 Rd5 62. Ra7+ Rd7 63. Rxd7+ Nxd7 64.
g4 Nf6 65. Kf2 Nd7 66. Ke3 Ke6 67. Kd4 Kf7 68. Ke4 Nf6+ 69. Kf5 Nd5 70. Be5
Ne7+ 71. Ke4 Nc6 72. Bd6 Nd8 73. Be5 Ne6 74. Kf5 Nc5 75. Bd4 Ne6 76. Bc3 Nc7
77. Ke4 Ne6 78. f4 Nd8 79. Kf5 Ne6 80. g5 hxg5 81. fxg5 Nf8 82. g6+ Nxg6 83.
hxg6+ Kg8 84. Ke6 Kf8 85. Kd7 Kg8 86. Ke7 Kh8 87. Bf6 Kg8 88. Be5 Kh8 89. Bc3
Kg8 90. Ke6 Kf8 91. Kd7 Kg8 92. Ke7 Kh8 93. Bd2 Kg8 94. Be3 Kh8 95. Bh6 Kg8 96.
Bc1 Kh8 97. Ke6 Kg8 98. Bb2 Kf8 99. Kf5 Kg8 100. Bxg7 Kxg7 101. Kg5 Kg8 102.
Kh6 Kh8 103. g7+ Kg8 104. Kg6 1/2-1/2

[Event "Memorial Gashimov 2022 - Blitz"]
[Site "Baku"]
[Date "22.12.2022"]
[Round "B9"]
[White "Rapport, Richard"]
[Black "Mamedov, Rauf"]
[Result "1-0"]
[WhiteElo "2740"]
[BlackElo "2646"]
[PlyCount "95"]
[EventDate "2022.??.??"]

1. e4 c5 2. Nf3 d6 3. Bb5+ Bd7 4. Bxd7+ Qxd7 5. O-O Nc6 6. c3 Nf6 7. d4 cxd4 8.
cxd4 d5 9. e5 Ne4 10. Ne1 h6 11. Be3 e6 12. f3 Ng5 13. Nd3 Be7 14. Nc3 O-O 15.
Qe2 f6 16. exf6 Bxf6 17. Nc5 Qe7 18. Rad1 Nf7 19. Bf2 Rfe8 20. Rfe1 Nxd4 21.
Rxd4 Qxc5 22. Rxd5 Qc6 23. Rd3 Rad8 24. Ne4 Be7 25. Rc3 Qa4 26. b3 Qa5 27. Rec1
Ba3 28. R1c2 Rd7 29. h4 Red8 30. Rc8 Rxc8 31. Rxc8+ Kh7 32. Nc5 Bxc5 33. Qe4+
g6 34. Bxc5 Qxa2 35. Bd4 Rxd4 36. Qxd4 Qxb3 37. Rc7 e5 38. Qxe5 h5 39. Qf6 Kg8
40. Qxg6+ Kf8 41. Rc8+ Ke7 42. Qe4+ Kf6 43. Qd4+ Ke7 44. Rc7+ Kf8 45. Kh2 a5
46. Qf6 Kg8 47. Rc8+ Kh7 48. Rf8 1-0

[Event "Memorial Gashimov 2022 - Blitz"]
[Site "Baku"]
[Date "22.12.2022"]
[Round "B9"]
[White "Vallejo Pons, Francisco"]
[Black "Shankland, Sam"]
[Result "1-0"]
[WhiteElo "2716"]
[BlackElo "2710"]
[PlyCount "130"]
[EventDate "2022.??.??"]

1. e4 e6 2. d4 d5 3. Nc3 Nf6 4. Bg5 dxe4 5. Nxe4 Be7 6. Bxf6 Bxf6 7. Nf3 Nd7 8.
Qd3 c5 9. O-O-O cxd4 10. Nxf6+ Nxf6 11. Qxd4 Qxd4 12. Rxd4 Ke7 13. g3 b6 14.
Be2 Bb7 15. Rhd1 Bxf3 16. Bxf3 Rac8 17. c3 g5 18. h4 h6 19. Kc2 Rc5 20. Bb7 Rb8
21. Bg2 g4 22. Rf4 h5 23. a4 Rbc8 24. Rd2 R8c7 25. Rd3 Nd7 26. Rd1 f5 27. Rfd4
Nf6 28. Re1 e5 29. Rd3 e4 30. Rd4 Nd7 31. Red1 Ne5 32. Bf1 Rd7 33. Bb5 Rxd4 34.
Rxd4 a5 35. Kb3 Rc7 36. Kc2 Nf7 37. Rd5 Ke6 38. Rd4 Nd6 39. Ba6 Ke5 40. Be2 Rf7
41. Kd2 f4 42. gxf4+ Rxf4 43. Ke1 Rf6 44. Rd2 Nf5 45. Rd8 Nxh4 46. Rh8 Ng2+ 47.
Kf1 Nf4 48. Bb5 Rd6 49. Ke1 h4 50. b4 h3 51. bxa5 bxa5 52. c4 Rf6 53. c5 Nd3+
54. Ke2 Rxf2+ 55. Ke3 Rf3+ 56. Kd2 Nxc5 57. Be2 Nb3+ 58. Ke1 Rc3 59. Bxg4 Kf4
60. Bxh3 Ke3 61. Kf1 Nd2+ 62. Kg2 Rc2 63. Kg3 Ra2 64. Bd7 Nf1+ 65. Kg4 Rd2 1-0

[Event "Memorial Gashimov 2022 - Blitz"]
[Site "Baku"]
[Date "22.12.2022"]
[Round "B9"]
[White "Suleymanli, Aydin"]
[Black "Wang, Hao"]
[Result "1/2-1/2"]
[WhiteElo "2543"]
[BlackElo "2722"]
[PlyCount "136"]
[EventDate "2022.??.??"]

1. c4 e6 2. Nc3 d5 3. d4 Nf6 4. cxd5 exd5 5. Bg5 c6 6. e3 h6 7. Bh4 Be7 8. Bd3
O-O 9. Nge2 Nh5 10. Bxe7 Qxe7 11. h3 Nf6 12. Qc2 a5 13. O-O Re8 14. Rae1 Na6
15. Qd2 Nc7 16. Na4 Ne4 17. Bxe4 dxe4 18. Nb6 Ra6 19. Nxc8 Rxc8 20. Nc3 Re8 21.
Qe2 Qg5 22. f4 exf3 23. Qxf3 Qg6 24. e4 Raa8 25. d5 cxd5 26. exd5 Rad8 27.
Rxe8+ Nxe8 28. Qe3 Nd6 29. Qb6 Re8 30. Qxa5 Re3 31. Qd8+ Kh7 32. Qh4 Rd3 33.
Rf2 Re3 34. Kh2 Re8 35. Qf4 f5 36. a4 Qf6 37. a5 g5 38. Qf3 Qe5+ 39. Qg3 Qf6
40. Qd3 Kg7 41. Re2 Re5 42. Rxe5 Qxe5+ 43. Kg1 Qe1+ 44. Qf1 Qd2 45. Qe2 Qxe2
46. Nxe2 Kf6 47. Nc3 Ke5 48. b4 Kd4 49. b5 Kc5 50. a6 bxa6 51. bxa6 Kb6 52. Kf2
Kxa6 53. Ke3 Kb6 54. Kd4 f4 55. Ke5 Nc4+ 56. Kd4 Ne3 57. g4 Kc7 58. Ne4 Nc2+
59. Ke5 f3 60. Nf2 Ne3 61. Ke4 Ng2 62. Kxf3 Nf4 63. Ke4 Kd6 64. Kf5 Kxd5 65. h4
Kd4 66. hxg5 hxg5 67. Kxg5 Ke5 68. Kh6 Ne6 1/2-1/2

[Event "Memorial Gashimov 2022 - Blitz"]
[Site "Baku"]
[Date "23.12.2022"]
[Round "B10"]
[White "Mamedyarov, Shakhriyar"]
[Black "Wang, Hao"]
[Result "0-1"]
[WhiteElo "2740"]
[BlackElo "2722"]
[PlyCount "102"]
[EventDate "2022.??.??"]

1. d4 Nf6 2. c4 e6 3. Nc3 d5 4. cxd5 exd5 5. Bg5 c6 6. e3 h6 7. Bh4 Be7 8. Bd3
O-O 9. Nf3 Nbd7 10. Qc2 Re8 11. h3 Ne4 12. Bxe4 Bxh4 13. Bh7+ Kh8 14. O-O-O
Bxf2 15. Qxf2 Kxh7 16. g4 Kg8 17. Rhg1 Qe7 18. Rde1 Nf8 19. e4 Be6 20. Kb1 dxe4
21. Nxe4 Bd5 22. Nc3 Qf6 23. Nxd5 cxd5 24. Re5 Rxe5 25. dxe5 Qf4 26. Rd1 Ne6
27. Qe2 Rc8 28. Nd2 Nd4 29. Qd3 Qxe5 30. a3 Ne6 31. Ka2 Nf4 32. Qb5 b6 33. Nf3
Qc7 34. Rd4 Nxh3 35. Qxd5 Nf4 36. Qf5 Ne6 37. Re4 g6 38. Qf6 Qd7 39. Re5 Qd8
40. Qxd8+ Rxd8 41. Re4 Kg7 42. Ne5 Rd4 43. Rxd4 Nxd4 44. b4 Kf6 45. Nd7+ Kg5
46. Kb2 Kxg4 47. Kc3 Nb5+ 48. Kb3 Kf5 49. a4 Nd6 50. Nb8 h5 51. Nc6 h4 0-1